[Event "Paul Keres Memorial (rapid) 2015"]
[Site "Tallinn EST"]
[Date "2015.01.11"]
[Round "6"]
[White "Kovalenko, Igor"]
[Black "Kulaots, Kaido"]
[Result "1-0"]
[WhiteElo "2653"]
[BlackElo "2556"]
[PlyCount "87"]
[EventDate "2015.01.10"]

1. d4 Nf6 2. c4 e6 3. Nf3 d5 4. Nc3 dxc4 5. e3 a6 6. Bxc4 b5 7. Be2 c5 8. O-O
Bb7 9. dxc5 Qxd1 10. Rxd1 Bxc5 11. Bd2 O-O 12. Ne5 Bd6 13. Bf3 Bxf3 14. Nxf3
Nc6 15. Ne2 Rfc8 16. Rac1 Ne5 17. Nxe5 Bxe5 18. Bc3 Bxc3 19. Nxc3 Kf8 20. Kf1
Ke7 21. Ke2 Rc4 22. Rd4 Rxd4 23. exd4 Rd8 24. Rd1 Nd5 25. Ne4 Nb4 26. Nc3 Nd5
27. Nxd5+ Rxd5 28. Rd3 h5 29. Ke3 Rd6 30. Rc3 Kd7 31. Rc5 Rc6 32. b4 Kd6 33. h4
g6 34. Ke4 f6 35. f3 Rc7 36. Rxc7 Kxc7 37. d5 Kd6 38. dxe6 Kxe6 39. g4 hxg4 40.
fxg4 Ke7 41. Kd5 Kf7 42. Kd6 Kf8 43. Ke6 Kg7 44. a3 1-0

[Event "Paul Keres Memorial (rapid) 2015"]
[Site "Tallinn EST"]
[Date "2015.01.11"]
[Round "8"]
[White "Kovalenko, Igor"]
[Black "Khalifman, Alexander"]
[Result "1/2-1/2"]
[WhiteElo "2653"]
[BlackElo "2613"]
[PlyCount "107"]
[EventDate "2015.01.10"]

1. d4 Nf6 2. c4 g6 3. Nf3 Bg7 4. g3 c5 5. Bg2 O-O 6. Nc3 cxd4 7. Nxd4 Nc6 8.
O-O Nxd4 9. Qxd4 d6 10. Qd2 Be6 11. Bxb7 Rb8 12. Bg2 Bxc4 13. b3 Ba6 14. Bb2
Qa5 15. Rfd1 Rfc8 16. Rac1 Rc7 17. Ne4 Qxd2 18. Rxd2 Rxc1+ 19. Bxc1 Rc8 20.
Nxf6+ Bxf6 21. Ba3 h5 22. h4 Kf8 23. Be4 Bb5 24. Kf1 Ke8 25. Rc2 Rxc2 26. Bxc2
Bc3 27. Bc1 a5 28. f3 d5 29. Kf2 Kd7 30. f4 f5 31. Ba3 e6 32. Bf8 Kc6 33. a3
Bd4+ 34. Kf3 Kb6 35. Be7 Kc6 36. a4 Ba6 37. b4 axb4 38. Bxb4 Bc4 39. Bd2 Bc5
40. e3 Kb6 41. Bc3 Ka6 42. Kf2 Kb6 43. Bd1 Ba3 44. Ke1 Bc1 45. Bd4+ Ka5 46.
Bc3+ Kb6 47. Bd4+ Ka5 48. Bc2 Ba3 49. Kd2 Bd6 50. Bd1 Ba3 51. Bc3+ Kb6 52. Bc2
Bd6 53. Bd3 Ka6 54. Bc2 1/2-1/2

[Event "Paul Keres Memorial (rapid) 2015"]
[Site "Tallinn EST"]
[Date "2015.01.11"]
[Round "9"]
[White "Volodin, Aleksandr"]
[Black "Kovalenko, Igor"]
[Result "1/2-1/2"]
[WhiteElo "2486"]
[BlackElo "2653"]
[PlyCount "119"]
[EventDate "2015.01.10"]

1. d4 e6 2. g3 c5 3. Nf3 cxd4 4. Nxd4 Nc6 5. Bg2 Bc5 6. c3 Qb6 7. e3 Nf6 8. O-O
d5 9. Nd2 O-O 10. N4b3 Be7 11. e4 a5 12. exd5 exd5 13. Nf3 a4 14. Nbd4 Bg4 15.
Qc2 Bc5 16. Be3 Bxf3 17. Bxf3 Nxd4 18. cxd4 Bxd4 19. Bxd4 Qxd4 20. Rad1 Qe5 21.
Rfe1 Qd6 22. Rd4 a3 23. Red1 Rfd8 24. bxa3 h6 25. Qd2 Rxa3 26. Bxd5 Nxd5 27.
Rxd5 Qxd5 28. Qxd5 Rxd5 29. Rxd5 Rxa2 30. Rd8+ Kh7 31. Rd7 Rb2 32. Rxf7 Kg6 33.
Rc7 b5 34. Rb7 b4 35. Kg2 b3 36. g4 Kf6 37. h4 Rb1 38. h5 b2 39. Kf3 Ke5 40.
Rb5+ Kd4 41. Rb8 Kc3 42. Rc8+ Kd2 43. Rd8+ Ke1 44. Rb8 Kf1 45. Rb7 Kg1 46. Kg3
Kh1 47. Kh3 Kg1 48. Kg3 Kh1 49. Kh3 Kg1 50. Kg3 Kf1 51. f3 Ke2 52. Kf4 Kd3 53.
Kf5 Kc3 54. Rc7+ Kd4 55. Rb7 Kc3 56. Rc7+ Kd4 57. Rb7 Kc3 58. Rc7+ Kd4 59. Rb7
Kc3 60. Ke4 1/2-1/2

[Event "Tata Steel 2015"]
[Site "Wijk aan Zee NED"]
[Date "2015.01.11"]
[Round "2"]
[White "Van Wely, Loek"]
[Black "Wojtaszek, Radoslaw"]
[Result "1/2-1/2"]
[WhiteElo "2667"]
[BlackElo "2744"]
[PlyCount "160"]
[EventDate "2015.01.10"]

1. Nf3 d5 2. g3 c5 3. Bg2 Nc6 4. d4 e6 5. O-O Nf6 6. c4 dxc4 7. Qa4 Bd7 8. Qxc4
b5 9. Qd3 c4 10. Qd1 Rc8 11. Re1 Qb6 12. e4 Rd8 13. Bg5 h6 14. Bxf6 gxf6 15.
Nc3 Bc8 16. d5 Bc5 17. Qd2 Ne5 18. Nxe5 fxe5 19. b3 cxb3 20. Rab1 Bd4 21. Rxb3
a6 22. Nd1 exd5 23. exd5 O-O 24. a4 Bd7 25. axb5 axb5 26. Nc3 Rc8 27. Reb1 Bxc3
28. Rxc3 Rxc3 29. Qxc3 Qd6 30. h4 Rc8 31. Qb2 Rb8 32. Re1 f6 33. Qc2 Kg7 34. h5
Be8 35. Ra1 Rd8 36. Bh3 Qb6 37. Be6 Bxh5 38. Rc1 Be8 39. Qe4 h5 40. Qb4 Qd6 41.
Qa5 Kf8 42. Qa7 Bd7 43. Rc6 Qe7 44. Rc7 Ke8 45. Qa6 b4 46. Qb6 b3 47. Qxb3 Qd6
48. Qc2 e4 49. Bxd7+ Rxd7 50. Qxe4+ Kd8 51. Rxd7+ Qxd7 52. Kh2 Qg4 53. f3 Qg5
54. Kh3 Qc1 55. f4 Qf1+ 56. Kh4 Qd1 57. f5 Qd2 58. Kh3 Qd1 59. Kh2 Qd2+ 60. Kg1
Qd1+ 61. Kg2 Qd2+ 62. Kh3 Qd1 63. d6 Qxd6 64. Qf3 Ke7 65. Qxh5 Qd5 66. Qe2+ Kf7
67. Kg4 Qd4+ 68. Kh5 Qd5 69. Qc2 Qf3+ 70. Kh4 Kg7 71. Qc7+ Kh6 72. Qc1+ Kg7 73.
Qc7+ Kh6 74. Qf4+ Qxf4+ 75. gxf4 Kg7 76. Kg3 Kg8 77. Kf3 Kf7 78. Ke4 Ke8 79.
Kd4 Kd8 80. Kc5 Kc7 1/2-1/2

[Event "Tata Steel 2015"]
[Site "Wijk aan Zee NED"]
[Date "2015.01.11"]
[Round "2"]
[White "Aronian, Levon"]
[Black "Giri, Anish"]
[Result "1/2-1/2"]
[WhiteElo "2797"]
[BlackElo "2784"]
[PlyCount "96"]
[EventDate "2015.01.10"]

1. d4 Nf6 2. c4 g6 3. Nc3 d5 4. Nf3 Bg7 5. Qb3 dxc4 6. Qxc4 O-O 7. e4 Nc6 8.
Be2 e5 9. d5 Nd4 10. Nxd4 exd4 11. Qxd4 c6 12. Qc4 b5 13. Qxc6 Bd7 14. Qd6 Re8
15. Bg5 b4 16. Qxb4 Nxd5 17. Nxd5 Qxg5 18. O-O Rab8 19. Qd6 Bh3 20. Nf4 Bg4 21.
Bxg4 Be5 22. Qd7 Qxf4 23. g3 Qf6 24. Rad1 Bxb2 25. Qa4 Red8 26. Rxd8+ Rxd8 27.
Qxa7 Kg7 28. Be2 Rd2 29. Qe3 Qc3 30. Qxc3+ Bxc3 31. Bc4 Bd4 32. Kh1 Rc2 33. Bb3
Rxf2 34. Rd1 Bb6 35. h4 Bc7 36. Rd3 h5 37. a4 Kh6 38. Bc4 f5 39. exf5 Rxf5 40.
Kg2 Rc5 41. Bb5 g5 42. hxg5+ Kxg5 43. Kh3 Be5 44. Re3 h4 45. gxh4+ Kf4 46. Rg3
Rc1 47. a5 Rh1+ 48. Kg2 Rg1+ 1/2-1/2

[Event "Tata Steel 2015"]
[Site "Wijk aan Zee NED"]
[Date "2015.01.11"]
[Round "2"]
[White "Caruana, Fabiano"]
[Black "Saric, Ivan"]
[Result "1-0"]
[WhiteElo "2820"]
[BlackElo "2666"]
[PlyCount "85"]
[EventDate "2015.01.10"]

1. e4 e5 2. Nf3 Nc6 3. Bb5 a6 4. Ba4 Nf6 5. O-O Be7 6. Re1 b5 7. Bb3 d6 8. c3
O-O 9. h3 Re8 10. d4 Bb7 11. Nbd2 Bf8 12. d5 Nb8 13. Nf1 Nbd7 14. N3h2 a5 15.
a4 b4 16. cxb4 axb4 17. Bg5 Be7 18. Bc4 Nc5 19. Bxf6 Bxf6 20. Bb5 Rf8 21. Nd2
Ba6 22. Nb3 Bxb5 23. Nxc5 Be8 24. Nd3 Qb8 25. b3 Bg5 26. Nf1 c6 27. Nb2 f5 28.
dxc6 Bxc6 29. exf5 d5 30. Ne3 Qb7 31. Nd3 Rae8 32. Qg4 Bxe3 33. fxe3 Bd7 34.
Qxb4 Qa8 35. g4 Qa6 36. Nc5 Qd6 37. e4 Rc8 38. Rac1 Rfd8 39. exd5 e4 40. Re3
Qh6 41. Qe1 Bxf5 42. gxf5 Rxd5 43. Nxe4 1-0

[Event "Tata Steel 2015"]
[Site "Wijk aan Zee NED"]
[Date "2015.01.11"]
[Round "2"]
[White "Carlsen, Magnus"]
[Black "So, Wesley"]
[Result "1/2-1/2"]
[WhiteElo "2862"]
[BlackElo "2762"]
[PlyCount "68"]
[EventDate "2015.01.10"]

1. c4 Nf6 2. Nc3 e6 3. d4 Bb4 4. e3 O-O 5. Nge2 d5 6. a3 Be7 7. cxd5 exd5 8. g3
Nbd7 9. Bg2 Nb6 10. O-O Re8 11. b3 h6 12. Qc2 Bd7 13. a4 a5 14. Nf4 c6 15. Bb2
Bb4 16. Nd3 Bf5 17. Qd1 Bd6 18. Re1 Nbd7 19. Ba3 Bxa3 20. Rxa3 Nb8 21. Ra2 Na6
22. Rae2 Re7 23. Ne5 Nb4 24. e4 dxe4 25. Nxe4 Bxe4 26. Bxe4 Nxe4 27. Rxe4 Qd5
28. R4e3 b5 29. Ng4 Rxe3 30. Nxe3 Qe4 31. Ng4 Qc2 32. Ne3 Qe4 33. Ng4 Qc2 34.
Ne3 Qe4 1/2-1/2

[Event "Tata Steel 2015"]
[Site "Wijk aan Zee NED"]
[Date "2015.01.11"]
[Round "2"]
[White "Jobava, Baadur"]
[Black "Vachier-Lagrave, Maxime"]
[Result "1/2-1/2"]
[WhiteElo "2727"]
[BlackElo "2757"]
[PlyCount "44"]
[EventDate "2015.01.10"]

1. e4 c5 2. Ne2 Nc6 3. Nbc3 g6 4. d4 cxd4 5. Nxd4 Bg7 6. Be3 Nf6 7. Be2 O-O 8.
O-O d5 9. exd5 Nxd5 10. Nxd5 Qxd5 11. Bf3 Qc4 12. Nxc6 bxc6 13. c3 Be6 14. b3
Qxc3 15. Rc1 Qa5 16. Bxc6 Rac8 17. Qe2 Rfd8 18. h3 Bd4 19. Bh6 Bg7 20. Be3 Bd4
21. Bh6 Bg7 22. Be3 Bd4 1/2-1/2

[Event "Tata Steel 2015"]
[Site "Wijk aan Zee NED"]
[Date "2015.01.11"]
[Round "2"]
[White "Radjabov, Teimour"]
[Black "Ivanchuk, Vassily"]
[Result "1/2-1/2"]
[WhiteElo "2734"]
[BlackElo "2715"]
[PlyCount "105"]
[EventDate "2015.01.10"]

1. Nf3 Nf6 2. g3 b5 3. Bg2 Bb7 4. b3 g6 5. c4 bxc4 6. bxc4 c5 7. Nc3 d6 8. Rb1
Bc6 9. d4 Bg7 10. d5 Bd7 11. O-O O-O 12. e4 Bc8 13. Re1 Nbd7 14. Bb2 Ne8 15.
Qc2 Rb8 16. Nb5 Bxb2 17. Rxb2 Rb7 18. Nd2 a6 19. Nc3 Rxb2 20. Qxb2 e5 21. dxe6
fxe6 22. f4 g5 23. Ne2 gxf4 24. gxf4 Qf6 25. Qxf6 Nexf6 26. Bf3 Bb7 27. Kf2 Bc6
28. Rd1 e5 29. Nb3 Bxe4 30. Rxd6 exf4 31. Nxf4 Bxf3 32. Kxf3 Ne5+ 33. Ke2 Nfg4
34. Nd3 Nxc4 35. Re6 Nxh2 36. Nbxc5 a5 37. Ne5 Nxe5 38. Rxe5 Rf2+ 39. Kxf2 Ng4+
40. Kf3 Nxe5+ 41. Ke4 Nc6 42. a4 Kf7 43. Kf5 h6 44. Kg4 Kg6 45. Kh4 Nd4 46. Nb7
Nb3 47. Kg4 h5+ 48. Kh4 Kh6 49. Nd6 Nd4 50. Nf7+ Kg7 51. Ne5 Kf6 52. Nc4 Nb3
53. Nxa5 1/2-1/2

[Event "Tata Steel (B) 2015"]
[Site "Wijk aan Zee NED"]
[Date "2015.01.11"]
[Round "2"]
[White "Haast, Anne"]
[Black "Navara, David"]
[Result "0-1"]
[WhiteElo "2352"]
[BlackElo "2729"]
[PlyCount "84"]
[EventDate "2015.01.10"]

1. e4 c5 2. Nf3 d6 3. d4 cxd4 4. Nxd4 Nf6 5. Nc3 a6 6. Be3 Ng4 7. Bg5 h6 8. Bh4
g5 9. Bg3 Bg7 10. h3 Ne5 11. Nf5 Bxf5 12. exf5 Nbd7 13. Nd5 Nb6 14. f6 Nxd5 15.
fxg7 Qa5+ 16. Qd2 Qxd2+ 17. Kxd2 Rg8 18. Re1 O-O-O 19. Bxe5 dxe5 20. Rxe5 f6
21. Re1 Rxg7 22. c3 e5 23. Kc2 Rgd7 24. Bc4 b5 25. Bxd5 Rxd5 26. Rd1 e4 27.
Rxd5 Rxd5 28. Re1 f5 29. a4 bxa4 30. Ra1 g4 31. hxg4 fxg4 32. Re1 Rf5 33. Re2
h5 34. c4 h4 35. Kc3 Rf4 36. Kd4 h3 37. gxh3 gxh3 38. Ke3 Rf3+ 39. Kxe4 h2 40.
Kxf3 h1=Q+ 41. Ke3 Qc1+ 42. Kd3 a3 0-1

[Event "Tata Steel (B) 2015"]
[Site "Wijk aan Zee NED"]
[Date "2015.01.11"]
[Round "2"]
[White "Sevian, Samuel"]
[Black "Michiels, Bart"]
[Result "0-1"]
[WhiteElo "2511"]
[BlackElo "2563"]
[PlyCount "182"]
[EventDate "2015.01.10"]

1. e4 e6 2. d4 d5 3. Nc3 Nf6 4. e5 Nfd7 5. f4 c5 6. Nf3 Nc6 7. Be3 Be7 8. dxc5
Bxc5 9. Bxc5 Nxc5 10. Qd2 Qb6 11. O-O-O O-O 12. f5 d4 13. Nxd4 Rd8 14. f6 Nxe5
15. Qg5 Ng6 16. Bc4 e5 17. Nb3 Nxb3+ 18. axb3 gxf6 19. Qh6 Be6 20. Ne4 Bxc4 21.
bxc4 f5 22. Ng3 Nf8 23. Qg5+ Qg6 24. Qxf5 Qxf5 25. Nxf5 Ne6 26. Rde1 f6 27.
Rhf1 Rd7 28. Ne3 Rf8 29. Nd5 Kg7 30. Re3 Rdf7 31. b3 h5 32. Kb2 Kg6 33. h4 Ng7
34. Rg3+ Kh6 35. b4 f5 36. Re3 Re8 37. Ra1 f4 38. Re4 Nf5 39. Kb3 Nxh4 40. Re2
a6 41. c3 Kg5 42. Nxf4 Rxf4 43. g3 Rg4 44. gxh4+ Rxh4 45. Rd1 Re7 46. Rd8 Rf4
47. Rg8+ Kf5 48. Rh8 Kg4 49. Rh2 e4 50. Rg8+ Kf3 51. Rh3+ Ke2 52. Rxh5 e3 53.
c5 Kd2 54. Rd8+ Ke1 55. Rh1+ Kf2 56. Rdh8 e2 57. R8h2+ Ke3 58. Re1 Rf2 59. Rhh1
Ref7 60. Rh8 Re7 61. Rhh1 Kd2 62. Ra1 Rf3 63. Ra2+ Kd3 64. Raa1 Ref7 65. c6
bxc6 66. Rh8 Rf1 67. Rd8+ Ke3 68. Re8+ Kf3 69. Rxa6 Rf6 70. b5 Rb1+ 71. Kc2
e1=Q 72. Rxe1 Rxe1 73. bxc6 Re8 74. Kd3 Rc8 75. Kd4 Kf4 76. Kd5 Kf5 77. c4 Kg6
78. c5 Kf7 79. Rb6 Rc7 80. Ra6 Ke7 81. Rb6 Rh6 82. Ra6 Rg6 83. Rb6 Rg5+ 84. Kc4
Ke6 85. Kb5 Rg1 86. Kc4 Rc1+ 87. Kd4 Rd1+ 88. Kc4 Ke5 89. Rb2 Rxc6 90. Re2+ Kf6
91. Kb5 Rc8 0-1

[Event "Tata Steel (B) 2015"]
[Site "Wijk aan Zee NED"]
[Date "2015.01.11"]
[Round "2"]
[White "Klein, David"]
[Black "Van Kampen, Robin"]
[Result "1/2-1/2"]
[WhiteElo "2517"]
[BlackElo "2615"]
[PlyCount "44"]
[EventDate "2015.01.10"]

1. e4 e5 2. Nf3 Nc6 3. d4 exd4 4. Nxd4 Nf6 5. Nc3 Bb4 6. Nxc6 bxc6 7. Bd3 d5 8.
exd5 O-O 9. O-O cxd5 10. h3 c6 11. Qf3 Re8 12. Bf4 Qe7 13. a3 Bd6 14. Bxd6 Qxd6
15. Qg3 Qb8 16. Rae1 Be6 17. b3 c5 18. Qh4 Qc7 19. Nb5 Qb8 20. Nc3 Qc7 21. Nb5
Qb8 22. Nc3 Qc7 1/2-1/2

[Event "Tata Steel (B) 2015"]
[Site "Wijk aan Zee NED"]
[Date "2015.01.11"]
[Round "2"]
[White "Gunina, Valentina"]
[Black "Salem, A.R. Saleh"]
[Result "1-0"]
[WhiteElo "2538"]
[BlackElo "2603"]
[PlyCount "91"]
[EventDate "2015.01.10"]

1. d4 Nf6 2. c4 g6 3. Nc3 Bg7 4. e4 d6 5. f3 O-O 6. Nge2 c5 7. Be3 Nc6 8. d5
Ne5 9. Ng3 e6 10. Be2 exd5 11. cxd5 a6 12. a4 h5 13. O-O Nh7 14. Qd2 h4 15. Nh1
f5 16. Nf2 b6 17. Rae1 Ra7 18. exf5 gxf5 19. Nh3 Ng6 20. f4 Bf6 21. Kh1 Rg7 22.
Bd3 Ne7 23. Qf2 Bxc3 24. bxc3 Nxd5 25. Bc4 Bb7 26. Ng5 Nxg5 27. fxg5 b5 28.
axb5 axb5 29. Bxd5+ Bxd5 30. Qxh4 Qa8 31. Qg3 Ra7 32. g6 Rf6 33. Qg5 Ra2 34.
Bf2 Rf8 35. Kg1 Be4 36. Qe7 Ra7 37. Qe6+ Kg7 38. Qxd6 Re8 39. Bxc5 Ra2 40. Bf2
Qd8 41. Qg3 Kg8 42. Qh3 Qd7 43. Rxe4 Rxe4 44. Bd4 Rxd4 45. cxd4 Ra6 46. Qxf5
1-0

[Event "Tata Steel (B) 2015"]
[Site "Wijk aan Zee NED"]
[Date "2015.01.11"]
[Round "2"]
[White "L'Ami, Erwin"]
[Black "Timman, Jan H"]
[Result "1/2-1/2"]
[WhiteElo "2613"]
[BlackElo "2593"]
[PlyCount "73"]
[EventDate "2015.01.10"]

1. d4 Nf6 2. c4 e6 3. Nc3 Bb4 4. Qc2 O-O 5. a3 Bxc3+ 6. Qxc3 b6 7. Bg5 Bb7 8.
f3 h6 9. Bh4 d5 10. e3 Nbd7 11. cxd5 Nxd5 12. Bxd8 Nxc3 13. Bh4 Nd5 14. Bf2 f5
15. Bb5 c6 16. Bd3 Rac8 17. Ne2 c5 18. O-O c4 19. Bc2 N7f6 20. Rac1 g5 21. Bb1
Rf7 22. h3 h5 23. e4 fxe4 24. fxe4 Nf4 25. Nxf4 gxf4 26. Rfe1 Kh8 27. Bh4 Nd7
28. Rc3 e5 29. Bf2 Rg7 30. dxe5 Nxe5 31. Bd4 Re8 32. Rf1 Rd7 33. Bxe5+ Rxe5 34.
Rxf4 Rd1+ 35. Rf1 Rxf1+ 36. Kxf1 Bxe4 37. Bxe4 1/2-1/2

[Event "Tata Steel (B) 2015"]
[Site "Wijk aan Zee NED"]
[Date "2015.01.11"]
[Round "2"]
[White "Wei, Yi"]
[Black "Potkin, Vladimir"]
[Result "1-0"]
[WhiteElo "2675"]
[BlackElo "2608"]
[PlyCount "71"]
[EventDate "2015.01.10"]

1. e4 e6 2. d4 d5 3. Nc3 Nf6 4. e5 Nfd7 5. f4 c5 6. Nf3 Nc6 7. Be3 a6 8. Qd2 b5
9. Bd3 b4 10. Na4 c4 11. Be2 c3 12. Qd1 cxb2 13. Nxb2 Be7 14. O-O O-O 15. Bd3
f5 16. g4 a5 17. gxf5 exf5 18. Qe2 Nb6 19. Kh1 a4 20. Rg1 a3 21. Nd1 Na4 22.
Rg3 Rf7 23. Qg2 Nc3 24. Nxc3 bxc3 25. Bb5 Qb6 26. Rg1 Bf8 27. Rh3 g6 28. Ng5
Qxb5 29. Nxf7 Ne7 30. Nh6+ Bxh6 31. Rxh6 Ra7 32. Qh3 Qe2 33. Rxh7 Qxc2 34. Rh8+
Kf7 35. Qh7+ Ke6 36. Rxg6+ 1-0

[Event "Tata Steel (B) 2015"]
[Site "Wijk aan Zee NED"]
[Date "2015.01.11"]
[Round "2"]
[White "Shankland, Samuel L"]
[Black "Dale, Ari"]
[Result "1/2-1/2"]
[WhiteElo "2652"]
[BlackElo "2291"]
[PlyCount "93"]
[EventDate "2015.01.10"]

1. e4 c6 2. d4 d5 3. e5 Bf5 4. Be3 e6 5. Nd2 Nd7 6. Ngf3 Ne7 7. Be2 Bg6 8. Nh4
Nf5 9. Nxf5 Bxf5 10. O-O Be7 11. g4 Bg6 12. f4 f5 13. c4 O-O 14. g5 Bf7 15. Qb3
Qb6 16. c5 Qxb3 17. Nxb3 a5 18. Rfc1 Rfb8 19. Rc2 a4 20. Nd2 b6 21. cxb6 Rxb6
22. Rac1 Rab8 23. Rxc6 Rxc6 24. Rxc6 Rxb2 25. Rc7 Be8 26. Bd3 Rxa2 27. Bb5 Bb4
28. Nf3 a3 29. Bxd7 Bxd7 30. Rxd7 Re2 31. Bd2 Rxd2 32. Nxd2 Bxd2 33. Kf2 Bc3
34. Rd8+ Kf7 35. Ra8 Bxd4+ 36. Ke2 Bb2 37. Kd2 Kg6 38. Kc2 Kh5 39. h3 Kh4 40.
Rh8 Kxh3 41. g6 h6 42. Rxh6+ Kg4 43. Rh7 Kxf4 44. Rxg7 Bxe5 45. Ra7 a2 46. Rxa2
Kg5 47. Ra6 1/2-1/2

[Event "Czech League (Extraliga) 2014/15"]
[Site "Prague CZE"]
[Date "2015.01.10"]
[Round "5"]
[White "Ponomariov, Ruslan"]
[Black "Ftacnik, Lubomir"]
[Result "1/2-1/2"]
[WhiteElo "2711"]
[BlackElo "2558"]
[PlyCount "98"]
[EventDate "2014.11.01"]
[WhiteTeam "Vystaviste Lysa nad Labem"]
[BlackTeam "Zikuda Turnov"]

1. e4 c5 2. Nf3 d6 3. d4 Nf6 4. dxc5 Nxe4 5. cxd6 Nc6 6. Be3 e6 7. Nd4 Qa5+ 8.
c3 Nxd4 9. Bxd4 Nxd6 10. Na3 Bd7 11. Nc4 Nxc4 12. Bxc4 Bc6 13. Qg4 h5 14. Qf4
Be7 15. O-O O-O 16. Rae1 Qg5 17. Qxg5 Bxg5 18. f4 Bf6 19. f5 Bxd4+ 20. cxd4
exf5 21. Rxf5 g6 22. Rf4 b5 23. Bb3 Rad8 24. Re7 Bd5 25. Bxd5 Rxd5 26. Rxa7 f5
27. h4 Rfd8 28. Rb7 R8d7 29. Rxd7 Rxd7 30. Kf2 Ra7 31. d5 Rxa2 32. Rb4 Kf7 33.
Rxb5 Kf6 34. Rb6+ Ke5 35. d6 Ra4 36. g3 f4 37. d7 fxg3+ 38. Kxg3 Rd4 39. Rb7
Ke6 40. b4 Ke7 41. b5 Rg4+ 42. Kh3 g5 43. hxg5 Rxg5 44. b6 Rb5 45. Kh4 Kd8 46.
Ra7 Rxb6 47. Kxh5 Rd6 48. Kg5 Rxd7 49. Rxd7+ Kxd7 1/2-1/2

[Event "Czech League (Extraliga) 2014/15"]
[Site "Prague CZE"]
[Date "2015.01.10"]
[Round "5"]
[White "Gajewski, Grzegorz"]
[Black "Vitiugov, Nikita"]
[Result "0-1"]
[WhiteElo "2643"]
[BlackElo "2738"]
[PlyCount "48"]
[EventDate "2014.11.01"]
[WhiteTeam "AD Mahrla Praha"]
[BlackTeam "1. SK Novoborsky"]

1. d4 d5 2. c4 c6 3. Nc3 dxc4 4. e4 b5 5. a4 b4 6. Nb1 Ba6 7. Qc2 Nf6 8. e5 b3
9. Qd1 Nd5 10. Na3 e6 11. Nxc4 Nb4 12. Qxb3 Qxd4 13. Be3 Qe4 14. O-O-O Nd7 15.
Nf3 Rb8 16. Ng5 Qg6 17. Nd6+ Bxd6 18. exd6 Bxf1 19. Rhxf1 O-O 20. h4 Ne5 21.
Kd2 Nd5 22. Qc2 Rxb2 23. Qxb2 Nc4+ 24. Kc1 Nxb2 0-1

[Event "Czech League (Extraliga) 2014/15"]
[Site "Prague CZE"]
[Date "2015.01.11"]
[Round "6"]
[White "Vitiugov, Nikita"]
[Black "Ponomariov, Ruslan"]
[Result "1/2-1/2"]
[WhiteElo "2738"]
[BlackElo "2711"]
[PlyCount "43"]
[EventDate "2014.11.01"]
[WhiteTeam "1. SK Novoborsky"]
[BlackTeam "Vystaviste Lysa nad Labem"]

1. d4 d5 2. c4 e6 3. Nc3 Nf6 4. cxd5 exd5 5. Bg5 c6 6. e3 Bf5 7. Qf3 Bg6 8.
Bxf6 Qxf6 9. Qxf6 gxf6 10. h4 Nd7 11. h5 Bf5 12. Nge2 h6 13. Nf4 a5 14. f3 Bd6
15. Kf2 a4 16. a3 Nb6 17. Rc1 Ke7 18. Be2 Ra5 19. Rhe1 Bd7 20. Bd3 f5 21. g3
Kd8 22. Nce2 1/2-1/2

[Event "Tata Steel 2015"]
[Site "Wijk aan Zee NED"]
[Date "2015.01.12"]
[Round "3"]
[White "Giri, A."]
[Black "Caruana, F."]
[Result "1/2-1/2"]
[WhiteElo "2784"]
[BlackElo "2820"]
[PlyCount "194"]
[EventDate "2015.01.09"]

1. d4 d5 2. c4 e6 3. Nc3 Be7 4. Nf3 Nf6 5. Bf4 O-O 6. e3 Nbd7 7. c5 Ne4 8. Rc1
Nxc3 9. Rxc3 b6 10. c6 Nf6 11. a3 a5 12. Rc2 Ne4 13. Bd3 Ba6 14. Bxa6 Rxa6 15.
Ne5 Bd6 16. Nd7 Bxf4 17. Nxf8 Bxe3 18. Nd7 Bg5 19. Qd3 Ra8 20. a4 Nf6 21. h4
Bh6 22. Nxf6+ Qxf6 23. h5 Bg5 24. O-O Qf4 25. Rd1 Bf6 26. g3 Qg4 27. Qe2 Qh3
28. Rc3 Be7 29. g4 Qh4 30. f4 Bd6 31. Rf1 Qf6 32. Qf2 Rb8 33. Rb3 g6 34. hxg6
hxg6 35. Kg2 Kf8 36. Rh3 Ke7 37. b3 Rh8 38. g5 Qg7 39. Rxh8 Qxh8 40. Rh1 Qg8
41. Rh3 Qg7 42. Kf3 Qg8 43. Kg2 Kd8 44. Qh4 Qe8 45. Rc3 Kc8 46. Kf3 Kb8 47. Qh7
Qf8 48. Kg4 Ka7 49. Rf3 Qe8 50. Qg7 Qxc6 51. Qxf7 Qc1 52. Qxe6 Qg1+ 53. Rg3
Qxd4 54. Qe3 Qh8 55. Rh3 Qc8+ 56. Kh4 Qf8 57. Rf3 Qh8+ 58. Kg3 Qh5 59. Kg2 Qg4+
60. Kf1 Bc5 61. Qd3 Qg1+ 62. Ke2 Bb4 63. Rf1 Qg4+ 64. Qf3 Qf5 65. Rd1 c6 66.
Rh1 Bc5 67. Kf1 Bd6 68. Rh7+ Kb8 69. Qe3 Qxf4+ 70. Qxf4 Bxf4 71. Rg7 Bxg5 72.
Rxg6 Be7 73. Rxc6 Bc5 74. Ke2 Kb7 75. Rg6 Kc7 76. Kf3 Kd7 77. Kf4 Bd4 78. Kf5
Ke7 79. Rg4 Bc3 80. Rg3 Bb2 81. Rg2 Bc3 82. Rc2 Ba1 83. Rc6 Bd4 84. Rh6 Kd7 85.
Re6 Kc7 86. Kf4 Kd7 87. Rh6 Kc7 88. Kf3 Kd7 89. Ke2 Bc5 90. Kf3 Bd4 91. Rh4 Bc5
92. Rg4 Kd6 93. Rg6+ Kd7 94. Rh6 Bd4 95. Kf4 Kc7 96. Kf5 Kd7 97. Rh4 Bc3
1/2-1/2

[Event "Tata Steel 2015"]
[Site "Wijk aan Zee NED"]
[Date "2015.01.12"]
[Round "3"]
[White "Wojtaszek, R."]
[Black "Carlsen, M."]
[Result "1-0"]
[WhiteElo "2744"]
[BlackElo "2862"]
[PlyCount "103"]
[EventDate "2015.01.09"]

1. d4 d6 2. Nf3 g6 3. c4 f5 4. b4 Bg7 5. Bb2 a5 6. b5 a4 7. e3 Nf6 8. Be2 c6 9.
bxc6 bxc6 10. O-O O-O 11. Qc2 Qc7 12. Nc3 a3 13. Bc1 Nbd7 14. Rb1 Ne4 15. Nxe4
fxe4 16. Nd2 Nf6 17. Rb3 Bf5 18. Rxa3 h5 19. Rxa8 Rxa8 20. a3 h4 21. Bb2 h3 22.
g3 Qc8 23. Re1 Rb8 24. Bc3 Nh7 25. a4 Ng5 26. Rb1 Ra8 27. Qd1 c5 28. Rb6 Qe6
29. g4 cxd4 30. Bxd4 Bxd4 31. exd4 e3 32. gxf5 gxf5 33. Nf1 exf2+ 34. Kxf2 Ne4+
35. Ke1 Qf6 36. Qd3 Rxa4 37. Rb1 Qh4+ 38. Ng3 Kf7 39. Qf3 Kg7 40. Qf4 Qxf4 41.
Nh5+ Kf7 42. Nxf4 Ng5 43. d5 Kf6 44. Kf2 Ra3 45. Bd3 Ra2+ 46. Kg3 Ra3 47. Re1
Ne4+ 48. Kf3 Ng5+ 49. Ke3 Ra2 50. Re2 Ra3 51. Rf2 Ne4 52. Rf3 1-0

[Event "Tata Steel 2015"]
[Site "Wijk aan Zee NED"]
[Date "2015.01.12"]
[Round "3"]
[White "Vachier Lagrave, M."]
[Black "Radjabov, T."]
[Result "1/2-1/2"]
[WhiteElo "2757"]
[BlackElo "2734"]
[PlyCount "81"]
[EventDate "2015.01.09"]

1. d4 Nf6 2. c4 e6 3. Nf3 d5 4. Nc3 Be7 5. Bf4 O-O 6. e3 Nbd7 7. c5 Nh5 8. Bd3
Nxf4 9. exf4 b6 10. b4 a5 11. a3 c6 12. O-O Qc7 13. g3 Ba6 14. Bxa6 Rxa6 15.
Qe2 Rfa8 16. b5 cxb5 17. c6 Qxc6 18. Nxb5 Rc8 19. Rac1 Qxc1 20. Rxc1 Rxc1+ 21.
Kg2 Ra8 22. f5 Rc6 23. h4 a4 24. h5 h6 25. fxe6 fxe6 26. Ne5 Nxe5 27. dxe5 Bc5
28. Qg4 d4 29. Qf3 Rcc8 30. Nc7 d3 31. Nxa8 d2 32. Qd3 Rxa8 33. Qxd2 Bxa3 34.
Qa2 Bc5 35. Qxe6+ Kh8 36. Qc6 Ra7 37. Qe8+ Kh7 38. Qg6+ Kh8 39. Qe8+ Kh7 40.
Qg6+ Kh8 41. Qe8+ 1/2-1/2

[Event "Tata Steel 2015"]
[Site "Wijk aan Zee NED"]
[Date "2015.01.12"]
[Round "3"]
[White "So, W."]
[Black "Aronian, L."]
[Result "1-0"]
[WhiteElo "2762"]
[BlackElo "2797"]
[PlyCount "107"]
[EventDate "2015.01.09"]

1. e4 e5 2. Nf3 Nc6 3. d4 exd4 4. Nxd4 Nf6 5. Nxc6 bxc6 6. e5 Qe7 7. Qe2 Nd5 8.
Nd2 Rb8 9. c4 Nf4 10. Qe3 Ng6 11. f4 f6 12. Qxa7 Rb7 13. Qf2 fxe5 14. f5 Nf4
15. Qf3 Qf7 16. g3 Nh5 17. Be2 Nf6 18. g4 d5 19. g5 e4 20. Qh3 Ng8 21. Bh5 g6
22. fxg6 Bxh3 23. gxf7+ Kd7 24. fxg8=Q Rxg8 25. Rg1 Bd6 26. cxd5 cxd5 27. Bf7
Rf8 28. Bxd5 Rb4 29. g6 hxg6 30. Rxg6 Rd4 31. Bxe4 Re8 32. Kf2 Rf8+ 33. Ke2 Re8
34. Kf2 Rf8+ 35. Ke3 c5 36. Rg7+ Kd8 37. Ke2 Bc8 38. Bf3 Ba6+ 39. Kf2 Rh4 40.
Nf1 Kc8 41. Be3 Rh3 42. Nd2 Rxh2+ 43. Kg1 Rxd2 44. Bg4+ Kb8 45. Bxd2 Be5 46.
Re7 Bd4+ 47. Be3 Rg8 48. Bxd4 Rxg4+ 49. Kf2 Rxd4 50. Rh1 Bb7 51. Rh8+ Ka7 52.
Ke3 Rb4 53. b3 c4 54. Rh4 1-0

[Event "Tata Steel 2015"]
[Site "Wijk aan Zee NED"]
[Date "2015.01.12"]
[Round "3"]
[White "Saric, Iv"]
[Black "Hou Yifan"]
[Result "1/2-1/2"]
[WhiteElo "2666"]
[BlackElo "2673"]
[PlyCount "60"]
[EventDate "2015.01.09"]

1. e4 c5 2. Nf3 g6 3. d4 cxd4 4. Qxd4 Nf6 5. e5 Nc6 6. Qa4 Nd5 7. Qe4 Nb6 8.
Nc3 Bg7 9. Bf4 d5 10. exd6 Bf5 11. Qe2 O-O 12. O-O-O exd6 13. Rxd6 Qc8 14. Qb5
Re8 15. h4 h5 16. a4 Bxc3 17. bxc3 Re4 18. Be3 Qf8 19. Bc5 Qh6+ 20. Be3 Qf8 21.
Bc5 Qh6+ 22. Be3 Rxe3 23. fxe3 Qxe3+ 24. Rd2 a6 25. Qb3 Na5 26. Qb4 Nc6 27. Qa3
Na5 28. Qb4 Nc6 29. Qa3 Na5 30. Qb4 Nc6 1/2-1/2